| 000 | 00692nam a22001937a 4500 | ||
|---|---|---|---|
| 999 |
_c13667 _d13667 |
||
| 003 | AR-CdUCM | ||
| 008 | 190416b ||||| |||| 00| 0 spa d | ||
| 040 |
_aMUNICIPALIDAD PROVINCIAL DEL CUSCO _cBIBLIOTECA MUNICIPAL DEL CUSCO |
||
| 082 |
_a344.985 / _bD44 |
||
| 245 | _aDerecho penal / | ||
| 300 |
_a118 paginas ; _c20 cm. |
||
| 500 | _aNota : El texto no cuenta con portada y contra portada. | ||
| 505 | _aContenido : Concepto del derecho -- Sus divisiones -- Derecho penal filosófico -- Importancia del derecho penal... | ||
| 650 |
_aDerecho Penal _95831 |
||
| 650 |
_aConcepto de derecho _932165 |
||
| 650 |
_aLegislación _92962 |
||
| 942 |
_2ddc _cLIBROS |
||
| 945 |
_awnts _d2019-04-16 |
||